000 00720nam a2200253Ia 4500
003 OSt
005 20220927110420.0
006 a|||||r|||| 00| 0
007 ta
008 220926b |||||||| |||| 00| 0 eng d
024 _a76199
037 _cReports
040 _aRTL
_cRTL
_beng
041 _2eng
_aeng
082 _a"X723.25253.N5t, H0/GD"
100 _aChcooke
_9378096
110 _aUTTAR PRADESH
_9350962
245 0 _aFinal settlement report of the Meerut District
260 _aDelhi
_bGovernment Press
_c1940
650 _aLand Taxation
700 _aUTTAR PRADESH
_9350963
942 _h"X723.25253.N5t, H0/GD"
_cCC
999 _c696610
_d696610